Civil War America, 1850 to 1875 / (Record no. 6706)
[ view plain ]
| 000 -LEADER | |
|---|---|
| fixed length control field | 01551cam a2200229 4500 |
| 001 - CONTROL NUMBER | |
| control field | 7810 |
| 005 - DATE AND TIME OF LATEST TRANSACTION | |
| control field | 20181127184426.0 |
| 010 ## - LIBRARY OF CONGRESS CONTROL NUMBER | |
| LC control number | 2006020068 |
| 020 ## - INTERNATIONAL STANDARD BOOK NUMBER | |
| International Standard Book Number | 0816038678 (alk. paper) |
| International Standard Book Number | 9780816038671 (alk. paper) |
| 082 00 - DEWEY DECIMAL CLASSIFICATION NUMBER | |
| Classification number | 973.6 |
| Edition number | 22 |
| 100 1# - MAIN ENTRY--PERSONAL NAME | |
| Personal name | Selcer, Richard F. |
| 245 10 - TITLE STATEMENT | |
| Title | Civil War America, 1850 to 1875 / |
| Statement of responsibility, etc. | Richard F. Selcer ; Richard Balkin, general editor. |
| 260 ## - PUBLICATION, DISTRIBUTION, ETC. | |
| Place of publication, distribution, etc. | New York : |
| Name of publisher, distributor, etc. | Facts On File, |
| Date of publication, distribution, etc. | c2006. |
| 300 ## - PHYSICAL DESCRIPTION | |
| Extent | xix, 540 p. : |
| Other physical details | ill., maps ; |
| Dimensions | 29 cm. |
| 440 #0 - SERIES STATEMENT/ADDED ENTRY--TITLE | |
| Title | Almanacs of American life |
| Title | Facts on File library of American history |
| 504 ## - BIBLIOGRAPHY, ETC. NOTE | |
| Bibliography, etc. note | Includes bibliographical references (p. 481-498) and index. |
| 505 0# - FORMATTED CONTENTS NOTE | |
| Formatted contents note | Climate, natural history, and historical geography -- Disasters, natural and human-made -- Native American life -- Chronology, 1850-1875 -- The economy -- Transportation -- Population -- Religion -- Government and politics -- The Civil War -- States and territories -- Major cities -- Representative Americans -- Education -- Arts, letters, music, and theater -- Architecture and design -- Science and technology -- Medicine and psychiatry -- Popular culture -- Crime, vice, and violence -- Selected documents. |
| 520 ## - SUMMARY, ETC. | |
| Summary, etc. | "Covers American history during the Civil War and Reconstruction. Numerous statistical tables, charts, maps, photographs, and illustrations reveal the diverse aspects of everyday life in Civil War America - from record-keeping and the gathering of statistics to the overhaul of the nation's financial structure." |
| 650 #0 - SUBJECT ADDED ENTRY--TOPICAL TERM | |
| Topical term or geographic name entry element | Almanacs, American. |
| Withdrawn status | Lost status | Source of classification or shelving scheme | Damaged status | Not for loan | Collection code | Home library | Current library | Shelving location | Date acquired | Serial Enumeration / chronology | Inventory number | Total Checkouts | Total Renewals | Full call number | Barcode | Date last seen | Date last checked out | Price effective from | Koha item type |
|---|---|---|---|---|---|---|---|---|---|---|---|---|---|---|---|---|---|---|---|
| Dewey Decimal Classification | Main TEST | RTC Library | RTC Library | Main opac | 24/02/2021 | 11793 | 4 | 3 | 973.6 SEL | 30012461 | 10/03/2021 | 24/02/2021 | 27/11/2018 | Main |